LEADER 02259nam 22006134a 450 001 9910780046803321 005 20230607213421.0 010 $a1-280-20024-3 010 $a9786610200245 010 $a0-306-47537-5 024 7 $a10.1007/0-306-47537-5 035 $a(CKB)111056486605486 035 $a(EBL)3035644 035 $a(SSID)ssj0000130490 035 $a(PQKBManifestationID)11134199 035 $a(PQKBTitleCode)TC0000130490 035 $a(PQKBWorkID)10080728 035 $a(PQKB)11150800 035 $a(DE-He213)978-0-306-47537-5 035 $a(MiAaPQ)EBC3035644 035 $a(Au-PeEL)EBL3035644 035 $a(CaPaEBR)ebr10052655 035 $a(CaONFJC)MIL20024 035 $a(OCoLC)51893451 035 $a(EXLCZ)99111056486605486 100 $a20010801d2001 uy 0 101 0 $aeng 135 $aur|n|---||||| 181 $ctxt 182 $cc 183 $acr 200 10$aCopepoda$b[electronic resource] $edevelopments in ecology, biology, and systematics : proceedings of the seventh international Conference on Copepoda, held in Curitiba, Brazil, 25-31 July 1999 /$fedited by Rubens M. Lopes, Janet W. Reid & Carlos E.F. Rocha 205 $a1st ed. 2001. 210 $aDordrecht ;$aBoston $cKluwer Academic Publishers$dc2001 215 $a1 online resource (591 p.) 225 1 $aDevelopments in hydrobiology ;$vv. 156 300 $aDescription based upon print version of record. 311 $a0-7923-7048-1 320 $aIncludes bibliographical references. 327 $aMaxilliped Lecture -- Biology and ecology of Antarctic and Subantarctic copepods -- Ecology, distribution and biology of marine copepods -- Copepods in challenging environments -- Ecology of freshwater copepods -- Symbiotic copepods -- Systematics and biology. 410 0$aDevelopments in hydrobiology ;$v156. 606 $aCopepoda$vCongresses 615 0$aCopepoda 676 $a595.3/4 701 $aLopes$b Rubens M$01569460 701 $aReid$b Janet Warner$f1944-$088616 701 $aRocha$b Carlos Eduardo Falavigna da$01569461 801 0$bMiAaPQ 801 1$bMiAaPQ 801 2$bMiAaPQ 906 $aBOOK 912 $a9910780046803321 996 $aCopepoda$93842387 997 $aUNINA LEADER 02080oas 22008773a 450 001 9910145966203321 005 20260310213014.0 011 $a1916-9663 035 $a(DE-599)ZDB2480320-0 035 $a(DE-599)2480320-0 035 $a(OCoLC)1083585167 035 $a(CONSER)cn2013300294 035 $a(CKB)1000000000718077 035 $a(EXLCZ)991000000000718077 100 $a20090121a20099999 uy a 101 0 $aeng 135 $aurcn||||||||| 181 $ctxt$2rdacontent 182 $cc$2rdamedia 183 $acr$2rdacarrier 200 00$aAsian culture and history 210 $aToronto $cCanadian Center of Science and Education 300 $aRefereed/Peer-reviewed 311 08$a1916-9655 606 $aArt$zAsia 606 $aArt$2fast 606 $aCivilization$2fast 606 $aArt$zAsie 607 $aAsia$xCivilization 607 $aAsia$xHistory 607 $aAsia$2fast$1https://id.oclc.org/worldcat/entity/E39PBJxMpyjKQ9Jtm3jkjPBgKd 607 $aAsie$xCivilisation 607 $aAsie$xHistoire 608 $aHistory$2fast 608 $aPeriodicals$2fast 615 0$aArt 615 7$aArt 615 7$aCivilization 615 6$aArt 676 $a950.05 686 $acci1icc$2lacc 686 $acoll11$2lacc 686 $acoll20$2lacc 686 $acoll29$2lacc 686 $acoll108$2lacc 712 02$aCanadian Center of Science and Education. 801 0$bNLC 801 1$bNLC 801 2$bOCLCO 801 2$bVT2 801 2$bOCLCQ 801 2$bOCLCF 801 2$bCNSPO 801 2$bLGG 801 2$bHEBIS 801 2$bCUD 801 2$bCUS 801 2$bCOO 801 2$bWYU 801 2$bLVT 801 2$bOCL 801 2$bOCLCQ 801 2$bOCLCL 801 2$bNLC 801 2$bOCLCL 801 2$bNLC 801 2$bLND 801 2$bAU@ 801 2$bEZC 801 2$bUKBTH 801 2$bUAB 801 2$bUHL 906 $aJOURNAL 912 $a9910145966203321 996 $aAsian culture and history$92110950 997 $aUNINA